ბათუმის შოთა რუსთაველის სახელმწიფო უნივერსიტეტის ბიბლიოთეკა

ხევსურულის თავისებურებანი : ტექსტებითა და ინდექსებით (ბიბ.ჩანაწერი № 52477)

000 -LEADER
fixed length control field 01075nam a2200253Ia 4500
001 - CONTROL NUMBER
control field 19500
003 - CONTROL NUMBER IDENTIFIER
control field GE_BSU
008 - FIXED-LENGTH DATA ELEMENTS--GENERAL INFORMATION
fixed length control field 181216s||||||||xx |||||||||||||| ||und||
040 ## - CATALOGING SOURCE
Transcribing agency GE_BSU
080 ## - UNIVERSAL DECIMAL CLASSIFICATION NUMBER
Universal Decimal Classification number 811.353.1'282
100 ## - MAIN ENTRY--PERSONAL NAME
Personal name ჭინჭარაული, ალ.
245 ## - TITLE STATEMENT
Title ხევსურულის თავისებურებანი : ტექსტებითა და ინდექსებით
245 ## - TITLE STATEMENT
Statement of responsibility, etc. რედ:არნ.ჩიქობავა
260 ## - PUBLICATION, DISTRIBUTION, ETC.
Place of publication, distribution, etc. თბილისი
260 ## - PUBLICATION, DISTRIBUTION, ETC.
Name of publisher, distributor, etc. საქ. სსრ მეცნ. აკად. გამ-ბა
260 ## - PUBLICATION, DISTRIBUTION, ETC.
Date of publication, distribution, etc. 1960
300 ## - PHYSICAL DESCRIPTION
Extent 486გვ;23სმ.
300 ## - PHYSICAL DESCRIPTION
Other physical details დამატ. თავფ. რუს. ენ.. - რეზ. რუს. ენ. - ბიბლიოგრ. შენიშვნებში
653 ## - INDEX TERM--UNCONTROLLED
Uncontrolled term დიალექტები
653 ## - INDEX TERM--UNCONTROLLED
Uncontrolled term ქართული ენა
653 ## - INDEX TERM--UNCONTROLLED
Uncontrolled term ქართული ენის დიალექტები; ხევსურული კილო;
942 ## - ADDED ENTRY ELEMENTS (KOHA)
Koha item type წიგნი
ეგზემპლარები
Withdrawn status Lost status Damaged status Not for loan Date acquired Barcode Date last seen Price effective from Koha item type
        2018-12-17 48555 2018-12-17 2018-12-17 წიგნი